South Asian Geography By Letter - A - Statistics

General Stats
  • This quiz has been taken 338 times
    248 since last reset
  • The average score is 8 of 16
Answer Stats
Hint Answer % Correct
Kabul is its capital Afghanistan
99%
Site of the Taj Mahal Agra
90%
Indian Ocean island chain of India and Myanmar Andaman Islands
70%
Sea Pakistan and India border Arabian Sea
70%
Maldives is composed of 26 of this type of island Atoll
66%
City where Gandhi started his Salt March Ahmedabad
59%
59% of land in Bangladesh is this, meaning it can be farmed
* the highest percent of any country
Arable
55%
National sport of Bhutan Archery
46%
City of the "Golden Temple", holiest site in Sikhism Amritsar
45%
River that makes the northern border of the above {Amu} Darya
42%
Most populous Northeast Indian state Assam
42%
Telugu-speaking Indian state {Andhra} Pradesh
40%
Osama Bin Laden was killed in this Pakistani city {Abbott}abad
37%
Chain of island and shallow waters connecting India and Sri Lanka {Adam}'s Bridge
32%
World's tenth highest mountain, an American media company is named after it Annapurna
27%
Pakistani-controlled part of Kashmir {Azad} Kashmir
22%
No matching quizzes found
Score Distribution
Percent of People with Each Score
Percentile by Number Answered
Your Score History
You have not taken this quiz since the last reset